000
00277nam a22001337a 4500
008
210304b ||||| |||| 00| 0 eng d
020
_a
9781601530288
041
_a
eng
080
_a
510
100
_a
36
101
_a
MAT
245
_a
Algebra I
_c
Thomas,P
942
_2
udc
_c
BK
999
_c
55770
_d
55770